Battlefield 3 Multiplayer Maps by Images - Statistics

General Stats
  • This quiz has been taken 8 times
    6 since last reset
  • The average score is 19 of 29
Answer Stats
Picture Answer % Correct
Caspian Border
100%
Operation Métro
100%
Tehran Highway
100%
Damavand Peak
83%
Gulf of Oman
83%
Operation Firestorm
83%
Seine Crossing
83%
Azadi Palace
67%
Bandar Desert
67%
Grand Bazaar
67%
Kharg Island
67%
Noshahr Canals
67%
Operation Riverside
67%
Sharqi Peninsula
67%
Strike at Karkand
67%
Wake Island
67%
Alborz Mountains
50%
Armored Shield
50%
Death Valley
50%
Epicenter
50%
Kiasar Railroad
50%
Markaz Monolith
50%
Nebandan Flats
50%
Operation 925
50%
Sabalan Pipeline
50%
Scrapmetal
50%
Talah Market
50%
Ziba Tower
50%
Donya Fortress
33%
No matching quizzes found
Score Distribution
Percent of People with Each Score
Percentile by Number Answered
Your Score History
You have not taken this quiz since the last reset